Cours analytique de code civil
Saved in:
| Hovedforfatter: | |
|---|---|
| Format: | Bog |
| Sprog: | fransk |
| Udgivet: |
París
Libraire Plon
1884
|
| Fag: | |
| Tags: |
Tilføj Tag
Ingen Tags, Vær først til at tagge denne postø!
|
MARC
| LEADER | 00000nam a2200000 a 4500 | ||
|---|---|---|---|
| 001 | UCS1421 | ||
| 003 | CL-VaPUC | ||
| 008 | 970509e18840000FR |||||||||||||||||fre|d | ||
| 082 | 0 | 4 | |a 346.44 |b DEM |2 21 |
| 100 | 0 | |a Demante, A. M |e author |9 385863 | |
| 245 | 1 | 0 | |a Cours analytique de code civil |
| 300 | |a v | ||
| 942 | |c BK | ||
| 945 | |d 19970509 00:00:00 |a lriquelm | ||
| 260 | |a París |b Libraire Plon |c 1884 | ||
| 650 | 0 | |a Contratos |9 255153 | |
| 650 | 0 | |a Sociedades |9 259052 | |
| 650 | 7 | |a COMODATO |2 CL-VaPUC |9 385864 | |
| 650 | 7 | |a CONTRATOS ALEATORIOS |2 CL-VaPUC |9 385865 | |
| 650 | 0 | |a Mandato |9 385834 | |
| 583 | |a last modification |c 19970509 00:00:00 |k Rodrigo Vera | ||
| 999 | |c 259514 |d 259512 | ||
| 952 | |0 0 |1 0 |4 0 |6 346_440000000000000_DEM_1884 |7 0 |8 X |9 284304 |a BIBDER |b BIBDER |d 2019-11-19 |h v.8 |i 1846078 |o 346.44 DEM 1884 |p 1846078 |r 2023-01-25 |w 2019-11-19 |y BK_X |k DER | ||